The steelwork design guide to BS5950-1:2000: volume 1- section properties, member capacities (Record no. 101844)

MARC details
000 -LEADER
fixed length control field 00792cam a2200277 4500
008 - FIXED-LENGTH DATA ELEMENTS--GENERAL INFORMATION
fixed length control field #DATE n2002 000 0 eng u
020 ## - INTERNATIONAL STANDARD BOOK NUMBER
International Standard Book Number 1859421245
035 ## - SYSTEM CONTROL NUMBER
System control number (Sirsi) u116263
041 ## - LANGUAGE CODE
Language code of text/sound track or separate title eng
050 ## - LIBRARY OF CONGRESS CALL NUMBER
Classification number 693.71
110 ## - MAIN ENTRY--CORPORATE NAME
Corporate name or jurisdiction name as entry element Steel Constuction Institute
9 (RLIN) 4205
245 #4 - TITLE STATEMENT
Title The steelwork design guide to BS5950-1:2000: volume 1- section properties, member capacities
250 ## - EDITION STATEMENT
Edition statement 6th ed.
260 ## - PUBLICATION, DISTRIBUTION, ETC.
Name of publisher, distributor, etc. SCI
Date of publication, distribution, etc. 2002
300 ## - PHYSICAL DESCRIPTION
Extent xii,654p. $3 0cm.
350 ## - PRICE (NR) (BK AM CF MU VM SE) [OBSOLETE]
Price 70.00
520 ## - SUMMARY, ETC.
Summary, etc. Known as the Blue Book.
650 ## - SUBJECT ADDED ENTRY--TOPICAL TERM
Topical term or geographic name entry element BS 5950-1: 2000
650 ## - SUBJECT ADDED ENTRY--TOPICAL TERM
Topical term or geographic name entry element BUILDING SITES
650 ## - SUBJECT ADDED ENTRY--TOPICAL TERM
Topical term or geographic name entry element ERECTORS MANUAL
650 ## - SUBJECT ADDED ENTRY--TOPICAL TERM
Topical term or geographic name entry element HEALTH AND SAFETY
9 (RLIN) 6244
650 ## - SUBJECT ADDED ENTRY--TOPICAL TERM
Topical term or geographic name entry element STEEL ERECTION
650 ## - SUBJECT ADDED ENTRY--TOPICAL TERM
Topical term or geographic name entry element STRUCTURAL STEELWORK
690 ## - LOCAL SUBJECT ADDED ENTRY--TOPICAL TERM (OCLC, RLIN)
Topical term or geographic name as entry element BUILT ENVIRONMENT-CONSTRUCTION DESIGN
942 ## - ADDED ENTRY ELEMENTS (KOHA)
Suppress in OPAC 0
Holdings
Withdrawn status Lost status Source of classification or shelving scheme Damaged status Not for loan Home library Current library Shelving location Date acquired Cost, normal purchase price Total Checkouts Full call number Barcode Date last seen Copy number Cost, replacement price Price effective from Koha item type Date last checked out
    Dewey Decimal Classification     London London Folio 07/03/2002 63.00   F693.71 STE 30065486 06/08/2019 1 63.00 06/08/2019 Book  
    Dewey Decimal Classification     London London Folio 12/12/2002   3 F693.71 STE Amendment 1 (June 2002) 30068078 06/08/2019 1   06/08/2019 Book 25/01/2010